| 000 | 00776nam2a2200205 4500 | ||
|---|---|---|---|
| 001 | RU\NLR\PER_B\2565713_2001_4 | ||
| 005 | 20250624071758.0 | ||
| 035 | _a(NLR Aleph) 012569906 | ||
| 090 |
_a12487794 _c12487794 |
||
| 100 | _a20210726d2001 |||y0rusy50 ca | ||
| 101 | 0 | _arus | |
| 102 | _aRU | ||
| 200 | 0 | _a2001, № 4 (49) | |
| 210 |
_d2001 _aБ. м. |
||
| 461 | 0 |
_1001RU\NLR\INFOCOMM16\1000093860 _12001#$aНовая юность$eНЮ$fУчредитель Твор. центр "Новая юность"$v2001, № 4 (49) _93144742 _cМ. _d1993 - _fУчредитель Твор. центр "Новая юность" _oНЮ _tНовая юность _x0869-7361 _v2001, № 4 (49) |
|
| 852 |
_aNLR _jП34/1105 |
||
| 942 | _cISSUE | ||
| 980 | _aNB | ||
| 980 | _aRUSPER | ||